Asian Countries by 10 Category Elimination - Statistics

General Stats
  • This quiz has been taken 8,076 times
  • The average score is 10 of 10
Answer Stats
# Category Country % Correct
45 is more than 4 letters long
100%
43 has land above the Equator
100%
38 has just one word in its name
100%
34 is less than 1 million sq. km
99%
27 has no megacities (10 million)
98%
22 name doesn't end in -stan
97%
17 is not an island country
96%
10 is not located in the Middle East
94%
5 shares a border with China
92%
1 has orange on its flag Bhutan
80%
No matching quizzes found
Score Distribution
Percent of People with Each Score
Percentile by Number Answered
Your Score History
You have not taken this quiz